[Event "EU-chT U18"]
[Site "Thessaloniki"]
[Date "2022.07.17"]
[Round "6.7"]
[White "Kristoferitsch, Daniel"]
[Black "Aydogdu, Selcan Ayberk"]
[Result "1-0"]
[WhiteElo "2312"]
[BlackElo "1902"]
[PlyCount "79"]
[EventDate "2022.07.12"]
[EventType "team-swiss"]
[EventRounds "7"]
[EventCountry "GRE"]
[SourceTitle "CBM 209 Extra"]
[Source "ChessBase"]
[SourceDate "2022.09.30"]
[SourceVersion "1"]
[SourceVersionDate "2022.09.30"]
[SourceQuality "1"]
[WhiteTeam "Austria U18"]
[BlackTeam "Turkey U18"]
[WhiteTeamCountry "AUT"]
[BlackTeamCountry "TUR"]

1. e4 e6 2. d4 d5 3. Nc3 Bb4 4. e5 c5 5. a3 Bxc3+ 6. bxc3 Qa5 7. Bd2 Qa4 8. h4 Nc6 9. h5 h6 10. Qg4 Kf8 11. Rh3 Nge7 12. Qf4 Ke8 13. Rf3 Rf8 14. Bd3 Kd8 15. Rg3 Nf5 16. Bxf5 exf5 17. Rxg7 Qxc2 18. Ne2 Be6 19. Qxh6 Kd7 20. Qf4 c4 21. h6 Ne7 22. Rc1 Qb3 23. h7 Qxa3 24. Qg5 Qa6 25. Nf4 Rae8 26. Nh5 Kc8 27. Nf6 Rd8 28. Ng8 Ng6 29. Rxg6 fxg6 30. h8Q Rxg8 31. Qh7 Rde8 32. Qf6 Qc6 33. Bh6 a5 34. Rb1 a4 35. Bc1 Kb8 36. Ba3 Qc8 37. Bd6+ Ka8 38. Rb4 Bd7 39. Qff7 Bc6 40. Qxd5 1-0

[Event "TUR Cup"]
[Site "Antalya"]
[Date "2019.02.01"]
[Round "9"]
[White "Aydogdu, Selcan Ayberk"]
[Black "Akbas, Umut Ata"]
[Result "1/2-1/2"]
[WhiteElo "1631"]
[BlackElo "1939"]
[PlyCount "103"]
[EventDate "2019.01.27"]
[EventType "swiss"]
[EventRounds "11"]
[EventCountry "TUR"]
[SourceTitle "CBM 188 Extra"]
[Source "ChessBase"]
[SourceDate "2019.02.26"]
[SourceVersion "1"]
[SourceVersionDate "2019.02.26"]
[SourceQuality "1"]

1. d4 Nf6 2. c4 g6 3. f3 Bg7 4. e4 d6 5. Nc3 0-0 6. Be3 c5 7. d5 e6 8. Nge2 exd5 9. cxd5 a6 10. a4 Re8 11. Nc1 Nbd7 12. Nd3 Nb6 13. Nf2 Rb8 14. Be2 Na8 15. Qd2 Nc7 16. 0-0 b5 17. Nd3 Nfxd5 18. Bg5 Nf6 19. Nxc5 b4 20. Nd1 dxc5 21. Qxd8 Rxd8 22. e5 Rxd1 23. Rfxd1 Nfd5 24. Rac1 Bxe5 25. Rxc5 Bxb2 26. Bd8 Nc3 27. Rxc3 bxc3 28. Bxc7 Rb4 29. Rd8+ Kg7 30. Be5+ f6 31. Rxc8 fxe5 32. Bxa6 Rd4 33. Bb7 Rxa4 34. Be4 Rd4 35. h4 Kf6 36. Rc6+ Ke7 37. h5 gxh5 38. Bxh7 Kd7 39. Rc5 Kd6 40. Rc8 Rd1+ 41. Kh2 Rd5 42. Bc2 Ra5 43. Kh3 Kd5 44. Rd8+ Kc4 45. Kh4 Bc1 46. Rc8+ Kd4 47. Rd8+ Ke3 48. Rd3+ Kf2 49. Rxc3 Kxg2 50. Be4 Bf4 51. Kxh5 Ra6 52. Rc6 1/2-1/2

[Event "TUR Cup"]
[Site "Antalya"]
[Date "2019.01.29"]
[Round "4"]
[White "Hereklioglu, Sude"]
[Black "Aydogdu, Selcan Ayberk"]
[Result "0-1"]
[WhiteElo "1951"]
[BlackElo "1631"]
[PlyCount "74"]
[EventDate "2019.01.27"]
[EventType "swiss"]
[EventRounds "11"]
[EventCountry "TUR"]
[SourceTitle "CBM 188 Extra"]
[Source "ChessBase"]
[SourceDate "2019.02.26"]
[SourceVersion "1"]
[SourceVersionDate "2019.02.26"]
[SourceQuality "1"]

1. d4 Nf6 2. g3 g6 3. Bg2 Bg7 4. e4 d6 5. Ne2 0-0 6. 0-0 e5 7. f4 c6 8. c3 Nbd7 9. h3 Re8 10. Nd2 b5 11. g4 h5 12. g5 Nh7 13. h4 Nb6 14. f5 d5 15. fxg6 fxg6 16. exd5 Nxd5 17. Ne4 Nf8 18. N2g3 Bg4 19. Qb3 Be6 20. Nc5 exd4 21. Nxe6 Nxe6 22. Ne4 dxc3 23. Kh1 Nd4 24. Qd1 Nf5 25. Rxf5 gxf5 26. Nxc3 Nxc3 27. Qb3+ Kh8 28. Bf4 Nd5 29. Rd1 Nxf4 30. Bxc6 Qe7 31. Qf3 Rad8 32. Rf1 Be5 33. Bxb5 Rf8 34. Re1 Qc5 35. Be2 Qd5 36. Qxd5 Rxd5 37. Bf3 Rd3 0-1

[Event "TUR Cup										"]
[Site "Antalya"]
[Date "2018.01.28"]
[Round "3"]
[White "Aydogdu, Selcan Ayberk"]
[Black "Gokcek, Kursat Bugra"]
[Result "1-0"]
[WhiteElo "1557"]
[BlackElo "1916"]
[PlyCount "77"]
[EventDate "2018.01.27"]
[EventType "swiss"]
[EventRounds "11"]
[EventCountry "TUR"]
[SourceTitle "CBM 182 Extra"]
[Source "ChessBase"]
[SourceDate "2018.02.23"]
[SourceVersion "1"]
[SourceVersionDate "2018.02.23"]
[SourceQuality "1"]

1. d4 Nf6 2. c4 g6 3. Nc3 Bg7 4. e4 d6 5. f3 0-0 6. Be3 Nbd7 7. Nh3 c6 8. Qd2 e5 9. d5 cxd5 10. cxd5 a6 11. Nf2 Nh5 12. g4 Nf4 13. Nd3 Re8 14. 0-0-0 b5 15. Kb1 Bb7 16. h4 Nb6 17. Nxf4 exf4 18. Bd4 Bxd4 19. Qxd4 Nd7 20. Ne2 Ne5 21. Bg2 Rc8 22. Nxf4 Rc4 23. Qd2 Qf6 24. g5 Qg7 25. h5 Rec8 26. Rc1 Rxc1+ 27. Rxc1 Nc4 28. Qc3 Qe5 29. hxg6 hxg6 30. Rh1 Na3+ 31. Qxa3 Qxf4 32. Bh3 Rc5 33. Qd3 Qxg5 34. Qd4 Qh6 35. Qf6 Qg7 36. Qxd6 Qd4 37. Qd8+ Kg7 38. Bg4 Qd3+ 39. Ka1 1-0

[Event "TUR-chT2"]
[Site "Konya"]
[Date "2017.07.10"]
[Round "3.10"]
[White "Hanci, Ilker"]
[Black "Aydogdu, Selcan Ayberk"]
[Result "1-0"]
[WhiteElo "1603"]
[BlackElo "1597"]
[PlyCount "98"]
[EventDate "2017.07.09"]
[EventType "team-swiss"]
[EventRounds "9"]
[EventCountry "TUR"]
[SourceTitle "CBM 179 Extra"]
[Source "ChessBase"]
[SourceDate "2017.08.23"]
[SourceVersion "1"]
[SourceVersionDate "2017.08.23"]
[SourceQuality "1"]
[WhiteTeam "Sinop Kultur"]
[BlackTeam "Uludag Univ"]
[WhiteTeamCountry "TUR"]
[BlackTeamCountry "TUR"]

1. e4 e6 2. d4 d5 3. Nd2 c5 4. exd5 exd5 5. Ngf3 Nc6 6. Bb5 Nf6 7. Qe2+ Be6 8. 0-0 Bd6 9. dxc5 Bxc5 10. Nb3 Bd6 11. Nbd4 Qd7 12. Re1 Ne4 13. Ng5 Nxg5 14. Bxg5 0-0 15. Nxe6 Rfe8 16. Qg4 Rxe6 17. Re3 Rae8 18. Rae1 Bc5 19. Bh6 f5 20. Qxf5 Bxe3 21. Bxe3 d4 22. Rd1 Qe7 23. Bxc6 bxc6 24. Rxd4 Rf8 25. Qd3 c5 26. Rd7 Qf6 27. Qd5 Kh8 28. h3 Re5 29. Qb7 a5 30. Qc7 a4 31. Bxc5 Rfe8 32. Bd4 h6 33. Bxe5 Rxe5 34. Qd8+ Qxd8 35. Rxd8+ Kh7 36. Kf1 Rc5 37. Rd2 Rb5 38. b3 axb3 39. axb3 Kg6 40. f4 Rc5 41. Kf2 Kf5 42. g3 g5 43. c4 Ke6 44. Rd5 Rxd5 45. cxd5+ Kxd5 46. fxg5 hxg5 47. Kf3 Kc5 48. Kg4 Kb4 49. Kxg5 Kxb3 1-0